000 00790nam a22002537a 4500
003 dpl
005 20180803122150.0
008 180803b xxu||||| |||| 00| 0 eng d
010 _aA-947446
020 _c00.00
_a8185989273
035 _aA-947446, A-947463
037 _bCen Lib/Ret
040 _aDPL
_bEN
_c0
082 _a330
_bMUK
100 _aMukerjee, S
_916617
245 _aEconomics :
_cby S. Mukkerjee
_bfundamentals and foundations /
260 _aNew Delhi
_bGalgotiya Publishing Company
_c1998
270 _bNew Delhi
_aKarol Bagh
_e110005
300 _avii,332p.
_c21cm(Hb)
500 _aIncludes bibliographical references and index
650 _aEconomics
_987497
650 _aEconomics --fundamentals
_987498
942 _2ddc
_cEN
_h330
_mMUK
999 _c126116
_d126116